The Sculptor's Eye/ (Record no. 2896)

MARC details
000 -LEADER
campo de control de longitud fija 00886nam a22002537a 4500
003 - IDENTIFICADOR DE NÚMERO DE CONTROL
campo de control OSt
005 - FECHA Y HORA DE LA ÚLTIMA TRANSACCIÓN
campo de control 20230125170009.0
008 - DATOS DE LONGITUD FIJA--INFORMACIÓN GENERAL
campo de control de longitud fija 160111b xxu||||| |||| 00| 0 eng d
020 ## - NÚMERO INTERNACIONAL ESTÁNDAR DEL LIBRO
Número Internacional Estándar del Libro 0 385 3902 3
040 ## - FUENTE DE CATALOGACIÓN
Centro/agencia transcriptor Lado V
082 ## - NÚMERO DE LA CLASIFICACIÓN DECIMAL DEWEY
Número de clasificación 730.11
Número de ítem G798s
100 ## - ENTRADA PRINCIPAL--NOMBRE DE PERSONA
Nombre de persona Greenberg, Jan
9 (RLIN) 627
Término indicativo de función/relación autor
245 ## - MENCIÓN DEL TÍTULO
Título The Sculptor's Eye/
Resto del título Looking at Contemporary American Art/
260 ## - PUBLICACIÓN, DISTRIBUCIÓN, ETC.
Lugar de publicación, distribución, etc. New York
Nombre del editor, distribuidor, etc. Delacorte Press
Fecha de publicación, distribución, etc. 1993
300 ## - DESCRIPCIÓN FÍSICA
Extensión 128p.
Otras características físicas il. (col.)
Dimensiones 23x24cm.
500 ## - NOTA GENERAL
Nota general Notas en español, inglés y alemán
600 ## - PUNTO DE ACCESO ADICIONAL DE MATERIA--NOMBRE DE PERSONA
Nombre de persona Emde, Thomas, 1959 --
Subdivisión general Exhibiciones
9 (RLIN) 4352
650 ## - PUNTO DE ACCESO ADICIONAL DE MATERIA--TÉRMINO DE MATERIA
Término de materia o nombre geográfico como elemento de entrada ESCULTURA
Fuente del encabezamiento o término Tesauro de Arte & Arquitectura
650 ## - PUNTO DE ACCESO ADICIONAL DE MATERIA--TÉRMINO DE MATERIA
Término de materia o nombre geográfico como elemento de entrada ARTE
Fuente del encabezamiento o término Tesauro de Arte & Arquitectura
650 ## - PUNTO DE ACCESO ADICIONAL DE MATERIA--TÉRMINO DE MATERIA
Término de materia o nombre geográfico como elemento de entrada ANALISIS
Fuente del encabezamiento o término Tesauro de Arte & Arquitectura
650 ## - PUNTO DE ACCESO ADICIONAL DE MATERIA--TÉRMINO DE MATERIA
Término de materia o nombre geográfico como elemento de entrada CRITICA
Fuente del encabezamiento o término Tesauro de Arte & Arquitectura
700 ## - ENTRADA AGREGADA--NOMBRE PERSONAL
Nombre de persona Jordan, Sandra
Término indicativo de función/relación autora
942 ## - ELEMENTOS DE ENTRADA SECUNDARIOS (KOHA)
Fuente del sistema de clasificación o colocación Clasificación Decimal Dewey
Tipo de ítem Koha Libros
Suprimir en OPAC No
Parte de la signatura que corresponde a la clasificación (Parte de la clasificación) 730.11
Parte de la signatura que identifica el ejemplar (Parte del ítem) G798s
Holdings
Estatus retirado Estado de pérdida Fuente del sistema de clasificación o colocación Estado de daño No para préstamo Biblioteca de origen Biblioteca actual Fecha de adquisición Número de inventario Total de préstamos Signatura topográfica completa Código de barras Visto por última vez Precio de reemplazo Tipo de ítem Koha
    Clasificación Decimal Dewey     Biblioteca LadoV Biblioteca LadoV 25/01/2023 001760   730.11 G798s 001760 25/01/2023 25/01/2023 Libros